Getting medieval : sexualities and communities, pre- and postmodern
Saved in:
| Main Author: | |
|---|---|
| Format: | Book |
| Language: | English |
| Published: |
Durham, NC :
Duke University Press,
1999.
|
| Series: | (Series Q)
|
| Subjects: | |
| Tags: |
Add Tag
No Tags, Be the first to tag this record!
|
MARC
| LEADER | 00000cam a2200000 a 4500 | ||
|---|---|---|---|
| 001 | 1/112516 | ||
| 008 | 161209s1999####ncu|a ||| |000 ||eng|| | ||
| 020 | |a 9780822323655 | ||
| 040 | |a GR-MyUa |b gre |c GR-MyUa |e AACR2 | ||
| 041 | 1 | |a eng | |
| 082 | 7 | |a 306.709 |2 (23) | |
| 100 | 1 | |a Dinshaw, Carolyn. | |
| 245 | 1 | 0 | |a Getting medieval : |b sexualities and communities, pre- and postmodern / |c Carolyn Dinshaw. |
| 260 | |a Durham, NC : |b Duke University Press, |c 1999. | ||
| 300 | |a xii, 345 σ. ; |c 24 εκ. | ||
| 490 | 0 | |a (Series Q) | |
| 504 | |a Περιλαμβάνει βιβλιογραφία (σ. [305]-336) και ευρετήριο. | ||
| 650 | 0 | |a Sex |x History. | |
| 650 | 0 | |a Homosexuality |x History. | |
| 650 | 0 | |a Homosexuality in literature. | |
| 650 | 0 | |a Literature, Medieval. | |
| 852 | |a INST |b LESVOS |e 20161209 |h 306.709 DIN |p 005100058185 |q 005100058185 |t BK |y 0 | ||
| 970 | |a Τζαφέρη |b Ευαγγελία |z 09-12-2016 | ||